000 00764nam a2200193 i 4500
001 59897
003 ES-MaACL
005 20250811071123.0
007 t|
008 031031s1929 sp ||||1| spa d
245 0 0 _aEscalafón General del Cuerpo Facultativo de Archiveros, Bibliotecarios y Arqueólogos en 1º de Agosto de 1929.
260 _aMadrid :
_bInstituto Geográfico,
_c1929.
300 _a180 p. ;
_c12 cm.
500 _aPrecede al tít.: Ministerio de Instrucción Pública y Bellas Artes.
610 2 4 _aCuerpo Facultativo de Archiveros, Bibliotecarios y Arqueólogos-
_vEscalafones.
_9160831
710 1 _aEspaña.
_bMinisterio de Instrucción Pública y Bellas Artes
_9226896
852 _aES-MaACL
_j1713-F-13
999 _c59897
_d59897